| 000 | 00437cam a2200157ua 4500 | ||
|---|---|---|---|
| 020 | _a0-85186-606-9 | ||
| 041 |
_aeng _h |
||
| 082 |
_a663 _bCRE/FO |
||
| 100 | _aCreaser, Colin. | ||
| 245 | 0 | 0 |
_aFood contaminates : Sources and surveillance / _cColin Creaser. _hTextual Documents |
| 260 |
_aSurrey : _bBritish Industrial Biological Research Association , _c1991. |
||
| 300 | _a205 ; . | ||
| 504 | _a | ||
| 942 | _cBK | ||
| 999 |
_c407 _d407 |
||